000 00483nam a22001817a 4500
003 OSt
005 20231214113651.0
008 231211s2009 ag ||||| |||| 00| 1 spa d
020 _a9789500730969
040 _cbesoc
100 1 _aAllende, Isabel,
_d(1943-)
_eautor
245 1 3 _aLa isla bajo el mar /
_cIsabel Allende
250 _a1a ed.
260 _aBuenos Aires :
_bSudamericana,
_c2009
300 _a510 p.
650 4 _aLiteratura chilena
_vNovela
_ySiglo XXI
942 _2udc
_cOG
_n0
999 _c156
_d156